000 00452nam a2200193Ia 4500
008 210210b2017 xxu||||| |||| 00| 0 eng d
020 _a9781119327639
041 _aeng
082 _a006.312 PIED
100 _aPIERSON (Lillian)
245 _aData science Ed 2
250 _a
260 _aNew Jersey
_bJohn Wiley and Sons
_c2017
300 _axvi,364
650 _ascience
650 _aData
690 _aComputer Science
906 _a074093
999 _c123839
_d123839